000 00438nam a2200145Ia 4500
041 _aArabic
082 _a320.1 cut-442 ف
100 _a20260118u\\\\\\\\\\\y0engy0103\\\\ba
100 _aالمعهد الديمقراطي الوطني
245 0 _aحوارات حول توزيع السلطات والمسؤوليات في الدول الفدرالية
250 _aط1
260 _aكندا
_c2009
300 _a15
942 _cBk
999 _c190104
_d190104